000 00794nam a2200193Ia 4500
003 GCL
008 140319s9999 xx 000 0 ara d
020 _a2397103977
040 _aGCL /
_cGCL
082 0 4 _a346.04
_bم ر
100 1 _aمحمد المنجى
245 1 0 _aالرخص التشريعية للمستأجر :
_b37 رخصة ينص عليها قانون المساكن. مجموعة القواعد القانونية التى قررتها محكمة النقض فى منازعاتالعمل ... /
_cمحمد المنجى
260 _aالقاهرة :
_bمنشاة المعارف الاسلامية ،
_c1988
300 _a398 ص ؛
_c24 سم
490 _aالكتب القانونية
_v0
650 0 4 _aالقانون
650 0 4 _aقانون الملكية
942 _2ddc
_cBK
999 _c29361
_d29361